| 000 | 00439nam a2200133 4500 | ||
|---|---|---|---|
| 020 | _a0442275110 | ||
| 082 |
_a333.91213 _bPRA _cMCE, L-23, p-26 |
||
| 245 |
_aCurrent trends in water supply planning issues concepts and risks _cPrasifka, David W. |
||
| 260 |
_aNew York _bVan Nostrand Reinhold Company _c1988 |
||
| 300 |
_aix, 257 p. : _bill, ; _c20 cm. |
||
| 526 |
_a0 _b0 _c0 _d333_912130000000000_PRA |
||
| 650 |
_aMCE _9379 |
||
| 942 |
_2ddc _cBK |
||
| 999 |
_c542004 _d542004 |
||